000 00939nam a2200289 i 4500
003 EG-GICUC
005 20260414173757.0
008 260414s1993 fr fr|||| 00| 0 fre d
040 _aEG-GiCUC
_bfre
_cEG-GiCUC
_dEG-GiCUC
_eRda
082 0 4 _221
_a343.5
_bAN . D
092 0 4 _221
099 _aLaw1 10 343.5 AN . D 1993
100 1 _aHUET ,ANDRE
_eAuteur
245 _a Droit pénal international /
_cAndre Huet , Renée Koering-joulin
264 1 _a France :
_bPresses Universitaires;
_c1993.
300 _a439 page ;
_c 24 cm.
336 _2rda contenu
_a texte
337 _2rda medias
_aOrdinateur
338 _2 transporteur rda
_a Ressource en ligne
650 1 _aDroit pénal
_2qrmak
650 1 _aDroit pénal international
700 1 _aKoering-joulin,renée
_eCo-Auteur
856 4 0 _uhttps://fll.law.cu.edu.eg/fulltext/bks/B10-08657.pdf
905 _a167
_eHassnaa
942 _2ddc
_cBK
_e21
_n0
999 _c70970
_d70970